Osiedla w Szczecinie - Statystyki

Ogólne statystyki
  • Ten quiz został rozwiązany 20 razy
  • Średni wynik to 17 z 37
Statystyki odpowiedzi
Dzielnica Osiedle % Poprawnych
Północ Niebuszewo
81%
Zachód Gumieńce
69%
Zachód Pomorzany
69%
Prawobrzeże Słoneczne
69%
Północ Warszewo
69%
Prawobrzeże Dąbie
63%
Prawobrzeże Kijewo
63%
Prawobrzeże Podjuchy
63%
Prawobrzeże Zdroje
63%
Północ Bukowo
56%
Śródmieście Centrum
56%
Prawobrzeże Majowe
56%
Zachód Osów
56%
Zachód Pogodno
56%
Śródmieście Stare Miasto
56%
Północ Stołczyn
56%
Śródmieście Nowe Miasto
50%
Północ Skolwin
50%
Prawobrzeże Bukowe-Klęskowo
44%
Północ Golęcino-Gocław
44%
Śródmieście Turzyn
44%
Zachód Zawadzkiego-Klonowica
44%
Północ Żelechowa
44%
Zachód Arkońskie-Niemierzyn
38%
Śródmieście Drzetowo-Grabowo
38%
Śródmieście Niebuszewo-Bolinko
38%
Śródmieście Śródmieście-Zachód
38%
Prawobrzeże Żydowce-Klucz
38%
Zachód Głębokie-Pilchowo
31%
Śródmieście Śródmieście-Północ
31%
Prawobrzeże Załom-Kasztanowe
31%
Zachód Krzekowo-Bezrzecze
25%
Śródmieście Łękno
25%
Śródmieście Międzyodrze-Wyspa Pucka
25%
Prawobrzeże Płonia-Śmierdnica-Jezierzyce
13%
Zachód Świerczewo
13%
Prawobrzeże Wielgowo-Sławociesze-Zdunowo
6%
Nie znaleziono quizów pasujących do podanych kryteriów
Rozkład punktacji
Procent ludzi z każdym wynikiem
Percentyl według liczby udzielonych odpowiedzi
Twoja historia wyników
Nie rozwiązałeś tego quizu